[Event "Toronto Closed-B"]
[Site "Toronto CAN"]
[Date "2022.09.26"]
[Round "3"]
[White "Xu, Eddie"]
[Black "Southam, David"]
[Result "0-1"]
[WhiteElo "2035"]
[BlackElo "2110"]
[PlyCount "108"]
[EventDate "2022.09.12"]
[EventType "tourn"]
[EventRounds "9"]
[EventCountry "CAN"]

1. d4 d5 2. c4 c6 3. Nc3 e6 4. e4 dxe4 5. Nxe4 Bb4+ 6. Bd2 Qxd4 7. Bxb4 Qxe4+
8. Be2 Na6 9. Bc3 f6 10. Nf3 Ne7 11. O-O O-O 12. Re1 e5 13. b4 Qg6 14. b5 Nc5
15. Bb4 b6 16. Bxc5 bxc5 17. Qd6 Qf7 18. Qxc5 Be6 19. a4 Rfc8 20. Qb4 c5 21.
Qc3 Nf5 22. Nd2 Nd4 23. Bd3 Rd8 24. Nf1 Rd7 25. Ne3 Rad8 26. Be4 Kh8 27. Bd5
Qg6 28. Rad1 Bxd5 29. Nxd5 e4 30. Kh1 f5 31. Re3 h6 32. Rde1 Kh7 33. f3 Rf7 34.
fxe4 fxe4 35. Rg3 Qf5 36. Ne3 Qf2 37. Qa1 Ne2 38. Rh3 Rdf8 39. Qb1 Rf4 40. Qa1
R8f6 41. Qd1 Rd6 42. Qa1 Rdf6 43. a5 Nd4 44. Rg1 Ne2 45. Nd5 Nxg1 46. Nxf6+
Rxf6 47. Qxg1 Qe2 48. Re3 Qxc4 49. Re1 Qd4 50. h3 Qc4 51. Rc1 Qxb5 52. Rxc5 Qe2
53. Kh2 Rf1 54. Rc2 Qe1 0-1

[Event "Toronto Closed-B"]
[Site "Toronto CAN"]
[Date "2022.09.26"]
[Round "3"]
[White "Zheng, Victor"]
[Black "Kim, Noah"]
[Result "0-1"]
[WhiteElo "2139"]
[BlackElo "2077"]
[PlyCount "104"]
[EventDate "2022.09.12"]
[EventType "tourn"]
[EventRounds "9"]
[EventCountry "CAN"]

1. Nf3 Nf6 2. g3 g6 3. Bg2 Bg7 4. c4 O-O 5. O-O d6 6. Nc3 Nc6 7. d4 e5 8. dxe5
dxe5 9. Bg5 h6 10. Qxd8 Rxd8 11. Bxf6 Bxf6 12. Nd5 Kg7 13. Nxc7 Rb8 14. e4 Be7
15. Nd5 Bc5 16. a3 a5 17. Rab1 a4 18. Nc3 Ra8 19. Rfd1 Rxd1+ 20. Rxd1 Be6 21.
Nd5 Rd8 22. Ne1 Na5 23. Nd3 Bd4 24. Rc1 Rc8 25. c5 Nb3 26. Rc2 Nxc5 27. Nxc5
Bxc5 28. Kf1 b5 29. Ke2 f5 30. Nc3 Bc4+ 31. Ke1 Bb3 32. Rd2 Bxa3 33. bxa3 Rxc3
34. exf5 gxf5 35. Rd7+ Kf8 36. Rb7 Bc4 37. Bc6 Rxa3 38. Bxb5 Rb3 39. Rb8+ Kg7
40. Rb7+ Bf7 41. Kd2 Rb2+ 42. Kc3 a3 43. f3 Rb1 44. Bc6 a2 45. Rxf7+ Kxf7 46.
Bd5+ Kf6 47. Bxa2 Rh1 48. g4 Rxh2 49. Bd5 fxg4 50. fxg4 Rh4 51. Kd3 Rxg4 52.
Ke3 h5 0-1

[Event "Toronto Closed-B"]
[Site "Toronto CAN"]
[Date "2022.10.03"]
[Round "4"]
[White "Douglas, Richard"]
[Black "Xu, Eddie"]
[Result "1-0"]
[WhiteElo "2017"]
[BlackElo "2035"]
[PlyCount "93"]
[EventDate "2022.09.12"]
[EventType "tourn"]
[EventRounds "9"]
[EventCountry "CAN"]

1. f4 Nf6 2. Nf3 g6 3. g3 Bg7 4. Bg2 O-O 5. O-O d5 6. d3 c5 7. Qe1 d4 8. a4 Nd5
9. Na3 b6 10. Ne5 f6 11. Nf3 Nc6 12. e4 Ndb4 13. Bd2 e5 14. Bxb4 Nxb4 15. f5
Bh6 16. Qe2 a6 17. Nh4 Kg7 18. Kh1 Bd7 19. c3 Nc6 20. Qg4 Ne7 21. Nc4 Rb8 22.
a5 b5 23. Nb6 Rxb6 24. axb6 Qxb6 25. cxd4 cxd4 26. Qd1 b4 27. g4 a5 28. b3 Bb5
29. Nf3 Bf4 30. h4 Rc8 31. Rf2 Rc3 32. Bf1 Nc6 33. g5 Qa6 34. gxf6+ Kxf6 35.
Ne1 gxf5 36. Qh5 Ne7 37. Ng2 Bxd3 38. Nxf4 exf4 39. Qh6+ Ng6 40. Rxf4 Bxf1 41.
Rxf5+ Ke6 42. Raxf1 Rh3+ 43. Kg1 Rg3+ 44. Kh2 Qd3 45. Rf6+ Ke5 46. Qh5+ Kxe4
47. Re6+ 1-0

[Event "Toronto Closed-B"]
[Site "Toronto CAN"]
[Date "2022.10.03"]
[Round "4"]
[White "Fradkin, Benjamin"]
[Black "Kim, Noah"]
[Result "1/2-1/2"]
[WhiteElo "2033"]
[BlackElo "2077"]
[PlyCount "84"]
[EventDate "2022.09.12"]
[EventType "tourn"]
[EventRounds "9"]
[EventCountry "CAN"]

1. d4 Nf6 2. Nf3 g6 3. Bf4 Bg7 4. e3 O-O 5. h3 c5 6. Be2 Nc6 7. c3 cxd4 8. exd4
d6 9. O-O Nd5 10. Bh2 e5 11. dxe5 dxe5 12. Nbd2 Re8 13. Bb5 e4 14. Nd4 Bd7 15.
Bxc6 bxc6 16. Nc4 f5 17. Qd2 e3 18. fxe3 Bh6 19. Bf4 Nxf4 20. exf4 c5 21. Nf3
Bb5 22. Nd6 Bxf1 23. Qd5+ Kg7 24. Qf7+ Kh8 25. Nxe8 Qxe8 26. Qxe8+ Rxe8 27.
Kxf1 Bxf4 28. Rd1 Re7 29. b3 Kg7 30. Rd5 Be3 31. Re5 Rxe5 32. Nxe5 Kf6 33. Nc6
Bd2 34. c4 a5 35. Ke2 Bc3 36. Kd3 Bb4 37. a3 Bxa3 38. Nxa5 Bb4 39. Nc6 Be1 40.
Ke2 Bg3 41. b4 cxb4 42. Nxb4 Ke5 1/2-1/2

[Event "Toronto Closed-B"]
[Site "Toronto CAN"]
[Date "2022.10.03"]
[Round "4"]
[White "Nazareno, Merlin"]
[Black "Vinuya, Ruth Joy"]
[Result "1-0"]
[WhiteElo "2009"]
[BlackElo "2014"]
[PlyCount "99"]
[EventDate "2022.09.12"]
[EventType "tourn"]
[EventRounds "9"]
[EventCountry "CAN"]

1. e4 c6 2. Nf3 d5 3. Nc3 Bg4 4. h3 Bxf3 5. Qxf3 Nf6 6. e5 Nfd7 7. d4 e6 8. Ne2
c5 9. c3 Nc6 10. a3 Qb6 11. Qd3 a5 12. f4 g6 13. g4 Be7 14. Bg2 Bh4+ 15. Kf1
O-O-O 16. Bd2 a4 17. Be3 Na5 18. Rb1 Rdf8 19. g5 h6 20. Ng1 Nc4 21. Nf3 hxg5
22. fxg5 Rh5 23. Kg1 Nxe3 24. Qxe3 Qd8 25. dxc5 Bxg5 26. Qd4 Qa5 27. Kh2 Nxc5
28. c4 Nb3 29. Qg4 dxc4 30. Qxc4+ Kb8 31. Rhd1 Rc8 32. Qg4 Be7 33. Rd7 Rc7 34.
Rbd1 Nc5 35. R7d4 Qb5 36. Rb4 Qe2 37. Re1 Qf2 38. Rd1 Rh8 39. Nd4 Kc8 40. Nb5
Rd7 41. Nd6+ Bxd6 42. exd6 Rhd8 43. Qc4 Rxd6 44. Rc1 b6 45. Qa6+ Kd7 46. Qa7+
Ke8 47. Rf1 Qxf1 48. Bxf1 Rd2+ 49. Kg1 Nb3 50. Qxa4+ 1-0

[Event "Toronto Closed-B"]
[Site "Toronto CAN"]
[Date "2022.10.03"]
[Round "4"]
[White "Oancea, Nicolae"]
[Black "Zheng, Victor"]
[Result "0-1"]
[WhiteElo "2084"]
[BlackElo "2139"]
[PlyCount "70"]
[EventDate "2022.09.12"]
[EventType "tourn"]
[EventRounds "9"]
[EventCountry "CAN"]

1. e4 d6 2. d4 Nf6 3. Nc3 g6 4. Bc4 Bg7 5. Qe2 c6 6. Nf3 b5 7. Bd3 O-O 8. O-O
a6 9. h3 Nbd7 10. e5 dxe5 11. dxe5 Nd5 12. Nxd5 cxd5 13. e6 Nc5 14. exf7+ Rxf7
15. Ng5 Rf8 16. Re1 e5 17. Nxh7 Nxd3 18. Nxf8 Nxe1 19. Nxg6 Bf5 20. Qh5 Bxg6
21. Qxg6 Qf6 22. Qg4 Nxc2 23. Bg5 Qg6 24. Rc1 Nd4 25. Rc3 Qe6 26. Qh5 Rc8 27.
Rg3 Nf5 28. Rg4 Qf7 29. Qxf7+ Kxf7 30. a4 Rc4 31. Rxc4 bxc4 32. g4 Nd4 33. Kg2
e4 34. f3 Nxf3 35. Bd8 Bxb2 0-1

[Event "Toronto Closed-B"]
[Site "Toronto CAN"]
[Date "2022.10.03"]
[Round "4"]
[White "Southam, David"]
[Black "Ning, Eric"]
[Result "1/2-1/2"]
[WhiteElo "2110"]
[BlackElo "2107"]
[PlyCount "122"]
[EventDate "2022.09.12"]
[EventType "tourn"]
[EventRounds "9"]
[EventCountry "CAN"]

1. d4 Nf6 2. c4 g6 3. Nc3 d5 4. cxd5 Nxd5 5. e4 Nxc3 6. bxc3 Bg7 7. Nf3 O-O 8.
Be3 c5 9. Rc1 Qa5 10. Qd2 cxd4 11. cxd4 Qxd2+ 12. Nxd2 Rd8 13. Nb3 e6 14. Be2
Nc6 15. Rc4 Bd7 16. O-O Rac8 17. Rfc1 Be8 18. h4 h6 19. Bf3 b5 20. R4c2 Ne7 21.
Rc7 Rxc7 22. Rxc7 Rd7 23. Rc1 Rd8 24. Rc7 Rd7 25. Rc2 Bf8 26. Be2 Rd8 27. Nc5
Nc6 28. d5 exd5 29. exd5 Nb4 30. Rb2 Nxd5 31. Nb7 Rb8 32. Na5 Nxe3 33. fxe3 Kg7
34. Rc2 Bd6 35. Kf2 Kf6 36. Nc6 Rb7 37. Bf3 Rc7 38. Bd5 Kg7 39. Kf3 f5 40. g4
Bf7 41. e4 Bxd5 42. exd5 fxg4+ 43. Kxg4 Rf7 44. Re2 Rf4+ 45. Kh3 Rf3+ 46. Kg2
Rg3+ 47. Kf2 Rd3 48. Nxa7 Rxd5 49. Nc6 Kf6 50. Kg2 Kf5 51. Rb2 Kg4 52. Na7 b4
53. Nc6 Kxh4 54. Nxb4 Rb5 55. Nd3 Rxb2+ 56. Nxb2 g5 57. Nc4 Bc5 58. Ne5 Bd6 59.
Nf7 Bf8 60. a4 g4 61. Ne5 Bc5 1/2-1/2

[Event "Toronto Closed-B"]
[Site "Toronto CAN"]
[Date "2022.10.17"]
[Round "5"]
[White "Kim, Noah"]
[Black "Oancea, Nicolae"]
[Result "1-0"]
[WhiteElo "2077"]
[BlackElo "2084"]
[PlyCount "127"]
[EventDate "2022.09.12"]
[EventType "tourn"]
[EventRounds "9"]
[EventCountry "CAN"]

1. e4 e6 2. d4 d5 3. Nc3 dxe4 4. Nxe4 Nd7 5. Nf3 Ngf6 6. Nxf6+ Nxf6 7. Be3 Bd6
8. Bd3 b6 9. Qe2 Bb7 10. O-O-O Qe7 11. Kb1 Nd5 12. Bd2 Nf4 13. Bxf4 Bxf4 14.
Be4 c6 15. g3 Bh6 16. Ne5 Rc8 17. h4 g6 18. h5 g5 19. Ng4 f5 20. Bxf5 exf5 21.
Rhe1 Qxe2 22. Rxe2+ Kd7 23. Nxh6 Rhf8 24. Rde1 Rcd8 25. Re5 Kc7 26. Nxf5 Bc8
27. Ne7 Rxf2 28. Nxc8 Kxc8 29. Rxg5 Rxd4 30. a3 Rd7 31. g4 Kb7 32. h6 Ka6 33.
Rg7 Rd4 34. Rxh7 Rxg4 35. Rc7 Rc4 36. h7 Rh2 37. Re8 Rch4 38. Ree7 Rh6 39.
Rxa7+ Kb5 40. a4+ Kc5 41. Rad7 R6h4 42. b3 Kb4 43. Kb2 b5 44. Rb7 Kc5 45. axb5
cxb5 46. Re5+ Kc6 47. Rexb5 Rxh7 48. Rxh7 Rxh7 49. Rg5 Rh4 50. c4 Rh8 51. Kc3
Rh7 52. Rg6+ Kc7 53. Kb4 Rh3 54. c5 Rf3 55. Kc4 Rf4+ 56. Kb5 Rf7 57. b4 Rh7 58.
Ra6 Rh5 59. Ra7+ Kb8 60. Rf7 Rh8 61. Kb6 Rg8 62. b5 Rh8 63. Ka6 Rc8 64. c6 1-0

[Event "Toronto Closed-B"]
[Site "Toronto CAN"]
[Date "2022.10.17"]
[Round "5"]
[White "Ning, Eric"]
[Black "Douglas, Richard"]
[Result "1-0"]
[WhiteElo "2107"]
[BlackElo "2017"]
[PlyCount "93"]
[EventDate "2022.09.12"]
[EventType "tourn"]
[EventRounds "9"]
[EventCountry "CAN"]

1. d4 e6 2. c4 f5 3. g3 Nf6 4. Bg2 Be7 5. Nh3 O-O 6. O-O d6 7. Nc3 e5 8. dxe5
dxe5 9. Qb3 c6 10. e4 Na6 11. exf5 Nc5 12. Qc2 Ng4 13. f6 Nxf6 14. Rd1 Qe8 15.
f3 Qh5 16. Nf2 Ne6 17. Be3 Ng5 18. Qe2 Bb4 19. Bxg5 Qxg5 20. Nce4 Nxe4 21. Nxe4
Qe7 22. Qe3 Bf5 23. a3 Bxe4 24. axb4 Bf5 25. c5 a6 26. Re1 Rae8 27. Rad1 Kh8
28. Rd6 h6 29. h3 Rf6 30. Rd2 Bc8 31. Kh2 Qf7 32. f4 e4 33. Bxe4 Qh5 34. h4
Rfe6 35. Qd3 Rf8 36. Bf3 Qf7 37. Rde2 Rxe2+ 38. Rxe2 Re8 39. Rxe8+ Qxe8 40. Be4
Bg4 41. Qd4 Qe7 42. Kg2 h5 43. Qe5 Qd8 44. Qd6 Qxd6 45. cxd6 Kg8 46. Bg6 Kf8
47. Kf2 1-0

[Event "Toronto Closed-B"]
[Site "Toronto CAN"]
[Date "2022.10.17"]
[Round "5"]
[White "Vinuya, Ruth Joy"]
[Black "Southam, David"]
[Result "0-1"]
[WhiteElo "2014"]
[BlackElo "2110"]
[PlyCount "68"]
[EventDate "2022.09.12"]
[EventType "tourn"]
[EventRounds "9"]
[EventCountry "CAN"]

1. e4 e6 2. d4 d5 3. Nc3 Bb4 4. e5 c5 5. a3 Bxc3+ 6. bxc3 Ne7 7. Qg4 O-O 8. h4
Nbc6 9. Nf3 f5 10. exf6 Rxf6 11. Bg5 Rf7 12. Ne5 Nxe5 13. dxe5 Qc7 14. f4 Nf5
15. Qh3 d4 16. O-O-O Ne3 17. Rd3 Nd5 18. cxd4 c4 19. Rg3 Bd7 20. Be2 Nxf4 21.
Qg4 h5 22. Qxf4 Rxf4 23. Bxf4 c3 24. Rhh3 Qb6 25. Rxc3 Qxd4 26. Bh2 Bc6 27.
Bxh5 Rf8 28. g4 Rf1+ 29. Kb2 Qd1 30. Kb3 Qb1+ 31. Kc4 Qb5+ 32. Kd4 Qd5+ 33. Ke3
Qe4+ 34. Kd2 Qg2+ 0-1

[Event "Toronto Closed-B"]
[Site "Toronto CAN"]
[Date "2022.10.17"]
[Round "5"]
[White "Xu, Eddie"]
[Black "Fradkin, Benjamin"]
[Result "1-0"]
[WhiteElo "2035"]
[BlackElo "2033"]
[PlyCount "65"]
[EventDate "2022.09.12"]
[EventType "tourn"]
[EventRounds "9"]
[EventCountry "CAN"]

1. e4 c6 2. d4 d5 3. f3 g6 4. Nc3 Bg7 5. Be3 e6 6. Qd2 Nd7 7. Nh3 Ne7 8. Bh6
O-O 9. O-O-O b5 10. Kb1 a5 11. Ne2 Nb6 12. b3 a4 13. Nf2 axb3 14. cxb3 Bd7 15.
h4 f6 16. Bxg7 Kxg7 17. Nd3 Qc7 18. g4 Ra7 19. g5 f5 20. e5 Rfa8 21. Nec1 Nc4
22. bxc4 dxc4 23. Nf4 Nd5 24. Nxd5 cxd5 25. h5 Qa5 26. hxg6 c3 27. Rxh7+ Kxg6
28. Rh6+ Kg7 29. Qh2 c2+ 30. Qxc2 Rc8 31. Qh2 Rxc1+ 32. Rxc1 Qb4+ 33. Qb2 1-0

[Event "Toronto Closed-B"]
[Site "Toronto CAN"]
[Date "2022.10.17"]
[Round "5"]
[White "Zheng, Victor"]
[Black "Nazareno, Merlin"]
[Result "0-1"]
[WhiteElo "2139"]
[BlackElo "2009"]
[PlyCount "104"]
[EventDate "2022.09.12"]
[EventType "tourn"]
[EventRounds "9"]
[EventCountry "CAN"]

1. Nf3 d5 2. g3 Nc6 3. d4 Bg4 4. Bg2 Qd7 5. Nbd2 Bh3 6. Bxh3 Qxh3 7. c4 e6 8.
Qb3 O-O-O 9. cxd5 exd5 10. Nf1 f6 11. Ne3 Bb4+ 12. Bd2 Bxd2+ 13. Kxd2 Nge7 14.
Rac1 g5 15. Qc3 Qd7 16. b4 b6 17. Rc2 Kb7 18. Rhc1 Rc8 19. a4 a5 20. bxa5 Nxa5
21. Rb2 Qxa4 22. Rb4 Qd7 23. Ne1 Ra8 24. Nd3 Kb8 25. Nc5 Qd6 26. Rb5 Nb7 27.
Nxb7 Kxb7 28. Qb3 Ra3 29. Qb2 Rha8 30. Nc2 Ra2 31. Qc3 R8a3 32. Rb3 Ra4 33. Kd1
Rc4 34. Qd3 Qc6 35. Ra3 Rb2 36. Qxh7 Nc8 37. Qd3 Na7 38. f3 Nb5 39. Rb3 Rxb3
40. Qxb3 Nxd4 41. Qd3 Kc8 42. h4 gxh4 43. gxh4 Rxc2 44. Rxc2 Qxc2+ 45. Qxc2
Nxc2 46. Kxc2 Kd7 47. Kd3 b5 48. e4 dxe4+ 49. Kxe4 Ke6 50. h5 b4 51. f4 c5 52.
h6 f5+ 0-1

[Event "Toronto Closed-B"]
[Site "Toronto CAN"]
[Date "2022.10.24"]
[Round "6"]
[White "Douglas, Richard"]
[Black "Vinuya, Ruth Joy"]
[Result "1-0"]
[WhiteElo "2017"]
[BlackElo "2014"]
[PlyCount "71"]
[EventDate "2022.09.12"]
[EventType "tourn"]
[EventRounds "9"]
[EventCountry "CAN"]

1. Nf3 Nf6 2. g3 g6 3. b3 Bg7 4. Bb2 d5 5. Bg2 c5 6. c4 Nc6 7. cxd5 Nb4 8. O-O
O-O 9. Qc1 Qxd5 10. Nc3 Qh5 11. a3 Na6 12. h4 h6 13. d3 Be6 14. Nh2 Rab8 15.
Bf3 Ng4 16. e4 f5 17. Qd1 Bxc3 18. Bxc3 Bd7 19. exf5 gxf5 20. Be5 Rbd8 21. d4
Qg6 22. Nxg4 fxg4 23. Bd5+ Kh7 24. Bxb7 cxd4 25. Qxd4 Bc6 26. Qxa7 Bxb7 27.
Qxb7 Rd2 28. Bc3 Re2 29. Qb5 Qe6 30. Qd3+ Kg8 31. Rae1 Rxe1 32. Rxe1 Qf7 33.
Qd4 Kh7 34. Re6 Nc5 35. Rb6 Ne6 36. Rxe6 1-0

[Event "Toronto Closed-B"]
[Site "Toronto CAN"]
[Date "2022.10.24"]
[Round "6"]
[White "Fradkin, Benjamin"]
[Black "Oancea, Nicolae"]
[Result "1-0"]
[WhiteElo "2033"]
[BlackElo "2084"]
[PlyCount "47"]
[EventDate "2022.09.12"]
[EventType "tourn"]
[EventRounds "9"]
[EventCountry "CAN"]

1. d4 e6 2. Nf3 c5 3. e3 cxd4 4. exd4 Nf6 5. Bd3 Nc6 6. c3 Qc7 7. O-O Be7 8.
Nbd2 a6 9. a4 b6 10. Nc4 d6 11. h3 h6 12. Bf4 g5 13. Bh2 g4 14. hxg4 Nxg4 15.
Bg3 Bd7 16. b4 a5 17. Qd2 f6 18. Bg6+ Kd8 19. d5 Nce5 20. Ncxe5 fxe5 21. dxe6
Rg8 22. Bf7 Rg7 23. exd7 Rxf7 24. Qd5 1-0

[Event "Toronto Closed-B"]
[Site "Toronto CAN"]
[Date "2022.10.24"]
[Round "6"]
[White "Nazareno, Merlin"]
[Black "Kim, Noah"]
[Result "0-1"]
[WhiteElo "2009"]
[BlackElo "2077"]
[PlyCount "112"]
[EventDate "2022.09.12"]
[EventType "tourn"]
[EventRounds "9"]
[EventCountry "CAN"]

1. d4 Nf6 2. Nc3 d5 3. e4 dxe4 4. Bg5 Bf5 5. f3 Nbd7 6. Bc4 c6 7. Qe2 exf3 8.
Nxf3 e6 9. Ne5 Nb6 10. Bd3 Bxd3 11. Qxd3 Be7 12. O-O-O Nfd5 13. Bd2 Nxc3 14.
Qxc3 Bg5 15. Rhf1 O-O 16. Qg3 Bxd2+ 17. Rxd2 f6 18. Ng4 Kh8 19. h4 Qd5 20. b3
a5 21. c4 Nxc4 22. Rd3 Nd6 23. Ne3 Qe4 24. Rd2 Rad8 25. Rf4 Qg6 26. Rg4 Qf7 27.
Qf4 f5 28. Rg5 b5 29. Rd1 Ne4 30. Kc2 Qf6 31. Ng4 Qe7 32. Ne5 a4 33. Rh5 axb3+
34. axb3 Kg8 35. g4 Qb4 36. Qe3 Ra8 37. Rb1 Ra2+ 38. Rb2 Rxb2+ 39. Kxb2 Ra8 40.
gxf5 Qa3+ 41. Kc2 Qa2+ 42. Kd1 Qb1+ 43. Ke2 Ra2+ 44. Kf3 Qd1+ 45. Kxe4 Qxh5 46.
fxe6 Re2 47. e7 Rxe3+ 48. Kxe3 Qe8 49. Kd3 Qxe7 50. Nxc6 Qxh4 51. d5 Qf4 52.
Nd4 Qe5 53. Nxb5 Qxd5+ 54. Nd4 h5 55. b4 h4 56. b5 h3 0-1

[Event "Toronto Closed-B"]
[Site "Toronto CAN"]
[Date "2022.10.24"]
[Round "6"]
[White "Southam, David"]
[Black "Zheng, Victor"]
[Result "1/2-1/2"]
[WhiteElo "2110"]
[BlackElo "2139"]
[PlyCount "50"]
[EventDate "2022.09.12"]
[EventType "tourn"]
[EventRounds "9"]
[EventCountry "CAN"]

1. d4 Nf6 2. c4 g6 3. Nc3 Bg7 4. e4 d6 5. Nf3 O-O 6. Be2 e5 7. O-O Nc6 8. d5
Ne7 9. Ne1 Ne8 10. f3 f5 11. g4 f4 12. h4 c5 13. Ng2 Bd7 14. a3 a5 15. Bd2 Nc7
16. Bd3 Nc8 17. Qe2 Bf6 18. Qf2 b6 19. Rfb1 Rf7 20. Be1 Be8 21. Qd2 Ra7 22. Ra2
Na6 23. Bf1 Rab7 24. Raa1 Na7 25. Nb5 Nxb5 1/2-1/2

[Event "Toronto Closed-B"]
[Site "Toronto CAN"]
[Date "2022.10.24"]
[Round "6"]
[White "Xu, Eddie"]
[Black "Ning, Eric"]
[Result "0-1"]
[WhiteElo "2035"]
[BlackElo "2107"]
[PlyCount "80"]
[EventDate "2022.09.12"]
[EventType "tourn"]
[EventRounds "9"]
[EventCountry "CAN"]

1. e4 c5 2. Nf3 Nc6 3. d4 cxd4 4. Nxd4 g6 5. c4 Bg7 6. Be3 Nh6 7. Nc3 O-O 8.
Be2 d6 9. Qd2 Ng4 10. Bxg4 Bxg4 11. f3 Bd7 12. Nxc6 Bxc6 13. Bd4 f6 14. O-O e6
15. Rfd1 Qe7 16. Be3 Rfd8 17. Bf4 Bf8 18. Qe2 Rd7 19. Rd2 Rad8 20. Rad1 Qf7 21.
Be3 b6 22. Qd3 h6 23. b4 d5 24. cxd5 exd5 25. exd5 Bxb4 26. Bxh6 Bxd5 27. Qc2
Be6 28. Rxd7 Rxd7 29. Rxd7 Bxd7 30. Ne4 f5 31. Ng5 Qd5 32. g3 Qc5+ 33. Qxc5
Bxc5+ 34. Kg2 a5 35. h3 a4 36. g4 a3 37. Kg3 b5 38. gxf5 gxf5 39. h4 b4 40. Nh3
b3 0-1

[Event "Toronto Closed-B"]
[Site "Toronto CAN"]
[Date "2022.10.31"]
[Round "7"]
[White "Kim, Noah"]
[Black "Southam, David"]
[Result "1/2-1/2"]
[WhiteElo "2077"]
[BlackElo "2110"]
[PlyCount "57"]
[EventDate "2022.09.12"]
[EventType "tourn"]
[EventRounds "9"]
[EventCountry "CAN"]

1. e4 e6 2. d4 d5 3. Nc3 Bb4 4. e5 c5 5. a3 Bxc3+ 6. bxc3 Ne7 7. h4 Nbc6 8. h5
Qa5 9. Bd2 cxd4 10. cxd4 Qa4 11. c3 Qxd1+ 12. Rxd1 h6 13. Bd3 Bd7 14. Ne2 Na5
15. g4 Nc4 16. Bxc4 dxc4 17. f4 Bc6 18. Rf1 Bg2 19. Rg1 Bf3 20. Rg3 Bxe2 21.
Kxe2 Kd7 22. Rf1 f5 23. exf6 gxf6 24. f5 exf5 25. gxf5 Rag8 26. Rxg8 Rxg8 27.
Bxh6 Rh8 28. Bg7 Rxh5 29. Bxf6 1/2-1/2

[Event "Toronto Closed-B"]
[Site "Toronto CAN"]
[Date "2022.10.31"]
[Round "7"]
[White "Ning, Eric"]
[Black "Fradkin, Benjamin"]
[Result "1-0"]
[WhiteElo "2107"]
[BlackElo "2033"]
[PlyCount "59"]
[EventDate "2022.09.12"]
[EventType "tourn"]
[EventRounds "9"]
[EventCountry "CAN"]

1. d4 d5 2. c4 c6 3. e3 Nf6 4. Bd3 a6 5. Nf3 Bg4 6. O-O Nbd7 7. Nbd2 e6 8. Qc2
Bd6 9. b3 O-O 10. Bb2 Rc8 11. Ne5 c5 12. Bxh7+ Nxh7 13. Nxg4 Qh4 14. Ne5 Nxe5
15. dxe5 Be7 16. Rad1 Rfd8 17. f4 b5 18. cxd5 exd5 19. Rf3 Nf8 20. Rh3 Qg4 21.
Rg3 Qh5 22. Nf3 d4 23. Qe4 dxe3 24. Re1 Rd2 25. Bc3 Rxa2 26. f5 g6 27. fxg6
fxg6 28. Rh3 Bh4 29. Nxh4 Re2 30. Nxg6 1-0

[Event "Toronto Closed-B"]
[Site "Toronto CAN"]
[Date "2022.11.14"]
[Round "7"]
[White "Oancea, Nicolae"]
[Black "Nazareno, Merlin"]
[Result "0-1"]
[WhiteElo "2084"]
[BlackElo "2009"]
[PlyCount "96"]
[EventDate "2022.09.12"]
[EventType "tourn"]
[EventRounds "9"]
[EventCountry "CAN"]

1. e4 Nc6 2. d4 d5 3. e5 Bf5 4. Nf3 f6 5. Bb5 e6 6. Bxc6+ bxc6 7. O-O c5 8. c3
cxd4 9. cxd4 c5 10. exf6 gxf6 11. Re1 Kf7 12. Nc3 Qd7 13. Be3 c4 14. g4 Bxg4
15. Ng5+ fxg5 16. Qxg4 Nf6 17. Qf3 g4 18. Qg2 Bd6 19. Re2 Rhg8 20. Rae1 Rg6 21.
Bc1 Re8 22. Kh1 Kg7 23. f4 gxf3 24. Qxf3 Ng4 25. Nxd5 Qc6 26. Rf1 Qd7 27. Nf4
Bxf4 28. Bxf4 Kg8 29. Rg2 Qd5 30. h3 Nf6 31. Rxg6+ hxg6 32. Be5 Nd7 33. Kg1 Rf8
34. Qg2 Qxg2+ 35. Kxg2 Rxf1 36. Kxf1 Nxe5 37. dxe5 g5 38. Ke2 Kg7 39. Ke3 Kg6
40. Kd4 Kf5 41. Kxc4 Kxe5 42. b4 Kf4 43. Kd3 Kg3 44. Ke2 Kxh3 45. Kf2 Kh2 46.
Kf3 e5 47. b5 e4+ 48. Kxe4 g4 0-1

[Event "Toronto Closed-B"]
[Site "Toronto CAN"]
[Date "2022.10.31"]
[Round "7"]
[White "Zheng, Victor"]
[Black "Douglas, Richard"]
[Result "1/2-1/2"]
[WhiteElo "2139"]
[BlackElo "2017"]
[PlyCount "82"]
[EventDate "2022.09.12"]
[EventType "tourn"]
[EventRounds "9"]
[EventCountry "CAN"]

1. Nf3 f5 2. g3 Nf6 3. Bg2 g6 4. O-O Bg7 5. d4 O-O 6. c4 d6 7. b3 c6 8. Bb2 Qc7
9. Nbd2 Ne4 10. Rc1 Nxd2 11. Qxd2 e5 12. dxe5 dxe5 13. Rfd1 e4 14. Nd4 Na6 15.
c5 Qe5 16. e3 Nxc5 17. Ba3 Nd3 18. Bxf8 Bxf8 19. Rb1 f4 20. Bxe4 Qxe4 21. Qxd3
Qxd3 22. Rxd3 c5 23. Nc2 Bf5 24. Rd2 fxe3 25. fxe3 Re8 26. Rbd1 b5 27. Na3 c4
28. Nxb5 cxb3 29. axb3 Rxe3 30. Nd4 Bg4 31. Rd3 Bh6 32. Nc2 Re2 33. Rc3 Bd2 34.
Rc7 Bf3 35. Ra1 a5 36. b4 Be4 37. Rxa5 Rg2+ 38. Kf1 Rxh2 39. Re5 Rh1+ 40. Ke2
Rh2+ 41. Kf1 Rh1+ 1/2-1/2

[Event "Toronto Closed-B"]
[Site "Toronto CAN"]
[Date "2022.11.07"]
[Round "8"]
[White "Douglas, Richard"]
[Black "Kim, Noah"]
[Result "0-1"]
[WhiteElo "2017"]
[BlackElo "2077"]
[PlyCount "54"]
[EventDate "2022.09.12"]
[EventType "tourn"]
[EventRounds "9"]
[EventCountry "CAN"]

1. Nf3 Nf6 2. g3 g6 3. b3 Bg7 4. Bb2 O-O 5. Bg2 d6 6. d4 Nbd7 7. O-O Re8 8. Re1
e5 9. dxe5 dxe5 10. e4 Qe7 11. a4 b6 12. a5 Bb7 13. Nc3 a6 14. Nd5 Nxd5 15.
exd5 e4 16. Bxg7 Kxg7 17. c4 bxa5 18. Rxa5 Qb4 19. Qa1+ Kg8 20. Ra4 Qb6 21. Ng5
e3 22. fxe3 Rxe3 23. Kh1 Rae8 24. Ne4 Rxe1+ 25. Qxe1 f5 26. c5 Qxc5 27. Rc4
Qxd5 0-1

[Event "Toronto Closed-B"]
[Site "Toronto CAN"]
[Date "2022.11.07"]
[Round "8"]
[White "Fradkin, Benjamin"]
[Black "Nazareno, Merlin"]
[Result "1/2-1/2"]
[WhiteElo "2033"]
[BlackElo "2009"]
[PlyCount "130"]
[EventDate "2022.09.12"]
[EventType "tourn"]
[EventRounds "9"]
[EventCountry "CAN"]

1. d4 Nf6 2. Nf3 d5 3. c4 e6 4. Nc3 c6 5. e3 Ne4 6. Bd3 f5 7. Ne5 g6 8. O-O Bg7
9. f3 Nxc3 10. bxc3 Bxe5 11. dxe5 O-O 12. Ba3 Rf7 13. f4 Na6 14. Qe2 Qa5 15.
Bd6 Nc5 16. cxd5 exd5 17. Qc2 Be6 18. Rfb1 a6 19. Rb2 Rc8 20. Rab1 Nxd3 21.
Qxd3 b5 22. Qd4 c5 23. Bxc5 Qc7 24. Bb4 Qb7 25. a4 Rc4 26. Qd2 bxa4 27. Bd6 Qa7
28. Rb8+ Kg7 29. Re8 Bd7 30. Rd8 Re4 31. Rbb8 Rxe3 32. Qd4 Qxd4 33. cxd4 a3 34.
Rb1 a2 35. Ra1 Re2 36. Rb8 Bb5 37. e6 Rxe6 38. Be5+ Rxe5 39. fxe5 Bc4 40. Kf2
g5 41. g3 h5 42. h4 f4 43. hxg5 fxg3+ 44. Kxg3 Rf1 45. Rb7+ Kg6 46. Rxa2 Bxa2
47. Rb6+ Kxg5 48. Rxa6 Bc4 49. Ra8 h4+ 50. Kg2 Rf4 51. Rg8+ Kh6 52. Kh3 Bf1+
53. Kh2 Rxd4 54. e6 Re4 55. Re8 Re2+ 56. Kg1 Bh3 57. e7 Bd7 58. Rh8+ Kg5 59.
Rg8+ Kf6 60. Rh8 h3 61. Rh5 Kxe7 62. Rxd5 h2+ 63. Kh1 Ke8 64. Rd6 Rc2 65. Re6+
Kd8 1/2-1/2

[Event "Toronto Closed-B"]
[Site "Toronto CAN"]
[Date "2022.11.07"]
[Round "8"]
[White "Southam, David"]
[Black "Oancea, Nicolae"]
[Result "0-1"]
[WhiteElo "2110"]
[BlackElo "2084"]
[PlyCount "58"]
[EventDate "2022.09.12"]
[EventType "tourn"]
[EventRounds "9"]
[EventCountry "CAN"]

1. d4 e6 2. c4 Bb4+ 3. Bd2 a5 4. Nc3 f5 5. a3 Bd6 6. e4 fxe4 7. Nxe4 Nf6 8.
Nxd6+ cxd6 9. Nf3 b6 10. Bd3 Bb7 11. Qe2 O-O 12. O-O Nc6 13. b4 Qe8 14. bxa5 e5
15. d5 Nxa5 16. Bxa5 Rxa5 17. Ng5 Qa8 18. Qb2 b5 19. Rfb1 bxc4 20. Bxh7+ Nxh7
21. Nxh7 Kxh7 22. Qxb7 Qxb7 23. Rxb7 Rxd5 24. Rc7 Rd2 25. Rf1 d5 26. a4 Ra8 27.
h4 Rxa4 28. Kh2 Raa2 29. Rxd7 c3 0-1